New Testament words. (Record no. 4193)
[ view plain ]
| 000 -LEADER | |
|---|---|
| fixed length control field | 00994cam a2200277 4500 |
| 001 - CONTROL NUMBER | |
| control field | 2668750 |
| 003 - CONTROL NUMBER IDENTIFIER | |
| control field | GBCCL |
| 005 - DATE AND TIME OF LATEST TRANSACTION | |
| control field | 20241126110513.0 |
| 008 - FIXED-LENGTH DATA ELEMENTS--GENERAL INFORMATION | |
| fixed length control field | 730727t19741964pau bd 001 0 eng |
| 010 ## - | |
| -- | 73012737 |
| 020 ## - INTERNATIONAL STANDARD BOOK NUMBER | |
| International Standard Book Number | 0664209947 |
| 040 ## - CATALOGING SOURCE | |
| Original cataloging agency | DLC |
| Transcribing agency | DLC |
| Modifying agency | DLC |
| 050 00 - | |
| -- | PA881 |
| -- | .B29 |
| 082 00 - DEWEY DECIMAL CLASSIFICATION NUMBER | |
| Classification number | 225.48 |
| -- | 487.4 |
| Item number | BAR |
| 100 1# - MAIN ENTRY--PERSONAL NAME | |
| Personal name | Barclay, William, |
| Dates associated with a name | 1907-1978. |
| 9 (RLIN) | 67 |
| 245 10 - TITLE STATEMENT | |
| Title | New Testament words. |
| 260 ## - PUBLICATION, DISTRIBUTION, ETC. | |
| Place of publication, distribution, etc. | Philadelphia, |
| Name of publisher, distributor, etc. | Westminster Press |
| Date of publication, distribution, etc. | [1974, c1964] |
| 300 ## - PHYSICAL DESCRIPTION | |
| Extent | 301 p. |
| Dimensions | 18 cm. |
| 350 ## - PRICE (NR) (BK AM CF MU VM SE) [OBSOLETE] | |
| Price | $3.95 |
| 500 ## - GENERAL NOTE | |
| General note | "Keyed to specific passages in the Daily study Bible series ... includes all the words originally explained in Dr. Barclay's A New Testament workbook and More New Testament words." |
| 630 00 - SUBJECT ADDED ENTRY--UNIFORM TITLE | |
| Uniform title | Bible. |
| Name of part/section of a work | New Testament |
| Form subdivision | Dictionaries |
| General subdivision | English. |
| 9 (RLIN) | 2952 |
| 650 #0 - SUBJECT ADDED ENTRY--TOPICAL TERM | |
| Topical term or geographic name entry element | Greek language, Biblical |
| General subdivision | Dictionaries |
| -- | English. |
| 9 (RLIN) | 1761 |
| 730 0# - | |
| -- | Daily study Bible series. |
| -- | 7977 |
| 906 ## - LOCAL DATA ELEMENT F, LDF (RLIN) | |
| a | 7 |
| b | cbc |
| c | orignew |
| d | 1 |
| e | ocip |
| f | 19 |
| g | y-gencatlg |
| 942 ## - ADDED ENTRY ELEMENTS (KOHA) | |
| Source of classification or shelving scheme | Dewey Decimal Classification |
| Koha item type | Books |
| Koha issues (borrowed), all copies | 1 |
| Withdrawn status | Lost status | Source of classification or shelving scheme | Damaged status | Not for loan | Home library | Current Library | Shelving location | Date acquired | Total checkouts | Full call number | Barcode | Date last seen | Date last checked out | Copy number | Price effective from | Koha item type |
|---|---|---|---|---|---|---|---|---|---|---|---|---|---|---|---|---|
| Dewey Decimal Classification | GRACE BIBLE COLLEGE | GRACE BIBLE COLLEGE | Language | 2018-01-16 | 1 | 225.48 BAR | 001299 | 2025-05-01 | 2018-04-23 | c.1 | 2018-01-16 | Language |